Vista normal Vista MARC

Entrada Topical Term

Número de registros utilizados en: 1

001 - CONTROL NUMBER

  • control field: 2008

003 - CONTROL NUMBER IDENTIFIER

  • control field: OSt

005 - DATE AND TIME OF LATEST TRANSACTION

  • control field: 20200327094907.0

008 - FIXED-LENGTH DATA ELEMENTS

  • fixed length control field: 200327|| aca||aabn | a|a d

040 ## - CATALOGING SOURCE

  • Original cataloging agency: OSt
  • Transcribing agency: OSt

150 ## - HEADING--TOPICAL TERM

  • Topical term or geographic name entry element: Documentación

670 ## - SOURCE DATA FOUND

  • Source citation: Work cat.: (OSt)4917: Instituto Colombiano de normas técnicas y certificación, INCONTEC, 1896, NTC 5314 Documentación : , 2008